| 000 | 00807cam a22002531 4500 | ||
|---|---|---|---|
| 001 | gs 56000184 | ||
| 003 | DLC | ||
| 005 | 20260227111404.0 | ||
| 008 | 790424s1956 ndub b s000 0 eng c | ||
| 010 | _ags 56000184 | ||
| 035 | _a(OCoLC)4888927 | ||
| 040 |
_aU.S. Geol. Survey. Libr. _cMnMohC _dDLC |
||
| 042 | _apremarc | ||
| 043 | _an-us-nd | ||
| 050 | 0 | 0 |
_aQE149 _b.L25 |
| 100 | 1 |
_aLaird, Wilson Morrow, _d1915- |
|
| 245 | 1 | 0 | _aGuide for geologic field trip in northeastern North Dakota. |
| 260 |
_aGrand Forks, _c1956. |
||
| 300 |
_a20 p. _bmaps, profiles, table. _c23 cm. |
||
| 410 | 2 | 0 |
_aNorth Dakota Geological Survey. _tBulletin _v30 |
| 500 | _a"Reprinted from North Dakota history, volume 23, no. 1, pp. 27-44, 1956." | ||
| 504 | _aBibliography: p. 16. | ||
| 650 | 0 |
_aGeology _zNorth Dakota. |
|
| 999 |
_c29072 _d29072 |
||